000 00855cab a2200253 4500
001 ABS49240
008 090401t1993 xxu||||| |||| 00| 0 eng d
035 _a(Sirsi) u70475
041 _aeng
245 _aAmendments to the White Book
260 _c1993
350 _a0
490 _aCS Monthly : General Practice
_v3(1) September 1993, 5(1)
520 _aReviews amendments to the "Manual of valuation guidance" (White Book) covering residential mortgage work, revaluations, local authority asset valuation, rent reviews and disposals by charities, to be issued September 1993.
650 _aASSET VALUATION
650 _aMENTOR
650 _aMORTGAGE VALUATIONS
650 _aRENT REVIEWS
650 _aRICS MANUAL OF VALUATION GUIDANCE
650 _aWHITE BOOK
690 _aRATING AND VALUATION
942 _n0
948 _c04/03/1997
999 _c44326
_d44326